000 00751cam a22002533a 4500
001 21197
003 PGUSA
005 20140828083442.0
008 070421s2007||||xxu|||||s|||||000 | eng d
040 _aPGUSA
_beng
042 _adc
050 4 _aPL
100 1 _aCollado, Diego,
_d-1638
245 1 0 _aDiego Collado's Grammar of the Japanese Language
_h[electronic resource] /
_cDiego Collado
260 _bProject Gutenberg,
_c2007
506 _aPublic domain in the USA.
516 _aElectronic text
653 _aJapanese language -- Grammar
700 1 _aSpear, Richard L.
740 0 _aArs Grammaticae Iaponicae Linguae. English
830 0 _aProject Gutenberg
_v21197
856 4 0 _uhttp://www.gutenberg.org/ebooks/21197
942 _cEB
999 _c250452
_d250452